000 00894cam a2200229 a 4500
001 000015159
005 20200929163954.0
008 840808s1969 ag 000 0 spa d
040 _aDO-SdBNP
_bspa
_cBNPHU
082 _a372.13
_bG822s, 1969
100 1 _aGregory, Juan Milton,
_d1822-1898.
_934314
245 1 4 _aLas siete leyes de la enseñanza /
_cJuan Milton Gregory ; edición Guillermo C. Bagley y Warren K. Layton ; traducción Alfredo S. Rodríguez y García.
250 _a5a ed.
260 _aArgentina :
_bCasa Bautista de Publicaciones,
_c1969.
300 _a109 p. ;
_c19 cm.
650 4 _aMétodos de enseñanza
_92196
650 4 _aEducación tecnológica
_917552
650 4 _aTecnicas de enseñanza
_917438
700 1 _aBagley, Guillermo C.
_d1874-1946.
_eed.
_934315
700 1 _aLayton, Warren K.,
_eed.
_934316
700 1 _aRodríguez y García, Alfredo,
_d1884-
_etr.
_934317
999 _c14730
_d14730